[Event "La Pobla de Lillet op"]
[Site "La Pobla de Lillet ESP"]
[Date "2010.08.05"]
[Round "4.4"]
[White "Panelo Muñoz, MA.."]
[Black "Moya Arau, C.."]
[Result "1-0"]
[WhiteElo "2450"]
[BlackElo "1958"]
[PlyCount "71"]
[EventDate "2010.08.02"]
[EventType "swiss"]
[EventRounds "9"]
[EventCountry "ESP"]
[SourceTitle "Ajedrez en Madrid"]
[Source "lmi"]
[SourceDate "2020.06.24"]
[SourceVersion "1"]
[SourceVersionDate "2020.06.25"]
[SourceQuality "1"]

1. d4 d5 2. c4 e6 3. Nf3 Nf6 4. g3 g6 5. Bg2 Bg7 6. O-O O-O 7. Qc2 Na6 8. a3 b6
9. cxd5 exd5 10. Nc3 Bb7 11. Bf4 c5 12. Rfd1 Qe7 13. Rac1 Rac8 14. Bh3 Rcd8 15.
Be5 Ne4 16. Bxg7 Kxg7 17. dxc5 bxc5 18. Nxe4 dxe4 19. Qc3+ Kg8 20. Ne5 Rxd1+
21. Rxd1 Rd8 22. Nd7 f5 23. Qb3+ Kg7 24. Qxb7 Nb8 25. Qxa7 Rxd7 26. Rxd7 Nxd7
27. Qc7 e3 28. Bg2 exf2+ 29. Kxf2 Kf6 30. a4 Qe6 31. a5 Ne5 32. Qxc5 Ng4+ 33.
Ke1 Qa2 34. Qb6+ Ke7 35. a6 Ne5 36. Qc5+ 1-0

[Event "La Pobla de Lillet op"]
[Site "La Pobla de Lillet ESP"]
[Date "2010.08.05"]
[Round "4.5"]
[White "Linares Napoles, O.."]
[Black "Huerga Leache, M.."]
[Result "1-0"]
[WhiteElo "2331"]
[BlackElo "2424"]
[PlyCount "65"]
[EventDate "2010.08.02"]
[EventType "swiss"]
[EventRounds "9"]
[EventCountry "ESP"]
[SourceTitle "Ajedrez en Madrid"]
[Source "lmi"]
[SourceDate "2020.06.24"]
[SourceVersion "1"]
[SourceVersionDate "2020.06.25"]
[SourceQuality "1"]

1. e4 c5 2. c3 d5 3. exd5 Qxd5 4. d4 Nf6 5. Nf3 e6 6. Be3 cxd4 7. cxd4 Bd7 8.
a3 Qa5+ 9. Nc3 Bc6 10. Ne5 Bd6 11. b4 Qd8 12. Rc1 a5 13. b5 Bd5 14. Nxd5 Nxd5
15. Qg4 O-O 16. Bh6 Qf6 17. Bg5 Qf5 18. Qxf5 exf5 19. Nc4 Re8+ 20. Kd1 Bf8 21.
Be2 h6 22. Bf3 hxg5 23. Bxd5 Nd7 24. Bxb7 Rad8 25. Re1 Nf6 26. d5 Rxe1+ 27.
Kxe1 Nxd5 28. Bxd5 Rxd5 29. a4 Bb4+ 30. Ke2 Kf8 31. b6 Rd8 32. b7 Ke7 33. Ne5
1-0

[Event "La Pobla de Lillet op"]
[Site "La Pobla de Lillet ESP"]
[Date "2010.08.05"]
[Round "4.7"]
[White "Movsziszian, K.."]
[Black "Garcia Galeote, L.."]
[Result "1-0"]
[WhiteElo "2490"]
[BlackElo "2058"]
[PlyCount "87"]
[EventDate "2010.08.02"]
[EventType "swiss"]
[EventRounds "9"]
[EventCountry "ESP"]
[SourceTitle "Ajedrez en Madrid"]
[Source "lmi"]
[SourceDate "2020.06.24"]
[SourceVersion "1"]
[SourceVersionDate "2020.06.25"]
[SourceQuality "1"]

1. g3 e5 2. c4 Nf6 3. Bg2 c5 4. Nc3 Nc6 5. d3 Be7 6. Nf3 O-O 7. O-O d5 8. cxd5
Nxd5 9. Nxe5 Nxc3 10. Nxc6 Nxe2+ 11. Qxe2 bxc6 12. Bxc6 Rb8 13. Bf4 Rb6 14. Be4
f5 15. Bg2 Bf6 16. Rab1 Re8 17. Qc2 Bd4 18. b3 Rbe6 19. Rbd1 Re2 20. Rd2 Re1
21. h4 Rxf1+ 22. Kxf1 Ba6 23. Bf3 Qd7 24. Re2 Rd8 25. Kg2 h6 26. h5 Kh7 27. Re1
Bb7 28. Qe2 Bc3 29. Rc1 Re8 30. Be3 Bd4 31. Bxb7 Qxb7+ 32. Qf3 Qxf3+ 33. Kxf3
Bxe3 34. fxe3 Re5 35. Rc4 g5 36. Ra4 Re7 37. Ra6 Rd7 38. Ke2 Re7 39. Rf6 Re5
40. Kd2 a5 41. Rf7+ Kg8 42. Ra7 f4 43. exf4 gxf4 44. gxf4 1-0

[Event "La Pobla de Lillet op"]
[Site "La Pobla de Lillet ESP"]
[Date "2010.08.05"]
[Round "4.9"]
[White "Capellades Subirana, M.."]
[Black "Alsina Franco, S.."]
[Result "1-0"]
[WhiteElo "2268"]
[BlackElo "2008"]
[PlyCount "53"]
[EventDate "2010.08.02"]
[EventType "swiss"]
[EventRounds "9"]
[EventCountry "ESP"]
[SourceTitle "Ajedrez en Madrid"]
[Source "lmi"]
[SourceDate "2020.06.24"]
[SourceVersion "1"]
[SourceVersionDate "2020.06.25"]
[SourceQuality "1"]

1. e4 c6 2. d4 d5 3. Nc3 dxe4 4. Nxe4 Nf6 5. Ng3 h5 6. Bc4 Qc7 7. N3e2 Bg4 8.
h3 Bxe2 9. Qxe2 e6 10. Nf3 Nd5 11. O-O Nd7 12. Bg5 N7b6 13. Bb3 Be7 14. Bxe7
Qxe7 15. Ne5 Qf6 16. a4 Nf4 17. Qf3 Rd8 18. a5 Nd7 19. a6 Nxe5 20. dxe5 Qxe5
21. axb7 Ne2+ 22. Kh1 Nd4 23. Qc3 Qb5 24. Rfd1 Nxb3 25. Rxd8+ Kxd8 26. Qxg7 Re8
27. Qf6+ 1-0

[Event "La Pobla de Lillet op"]
[Site "La Pobla de Lillet ESP"]
[Date "2010.08.06"]
[Round "5.1"]
[White "Granero Roca, A.."]
[Black "Velicka, P.."]
[Result "0-1"]
[WhiteElo "2429"]
[BlackElo "2483"]
[PlyCount "64"]
[EventDate "2010.08.02"]
[EventType "swiss"]
[EventRounds "9"]
[EventCountry "ESP"]
[SourceTitle "Ajedrez en Madrid"]
[Source "lmi"]
[SourceDate "2020.06.24"]
[SourceVersion "1"]
[SourceVersionDate "2020.06.25"]
[SourceQuality "1"]

1. d4 d5 2. c4 dxc4 3. e4 Nf6 4. e5 Nd5 5. Bxc4 Nb6 6. Bd3 Nc6 7. Ne2 Bg4 8. f3
Be6 9. Nbc3 Bc4 10. Bxc4 Nxc4 11. e6 fxe6 12. Qb3 Nb6 13. Qxe6 Nxd4 14. Qe4
Nxe2 15. Kxe2 c6 16. Rd1 Qc8 17. a4 Nd7 18. Bg5 Nc5 19. Qb4 Qf5 20. Be3 e6 21.
Qc4 Be7 22. b4 Na6 23. g4 Qf7 24. b5 O-O 25. Qe4 Nb4 26. Rd7 Nd5 27. Nxd5 cxd5
28. Qf4 Qg6 29. Qe5 Qc2+ 30. Bd2 Qc4+ 31. Kf2 Qxg4 32. f4 Bf6 0-1

[Event "La Pobla de Lillet op"]
[Site "La Pobla de Lillet ESP"]
[Date "2010.08.06"]
[Round "5.2"]
[White "Martinez Duany, LS.."]
[Black "Linares Napoles, O.."]
[Result "1/2-1/2"]
[WhiteElo "2510"]
[BlackElo "2331"]
[PlyCount "30"]
[EventDate "2010.08.02"]
[EventType "swiss"]
[EventRounds "9"]
[EventCountry "ESP"]
[SourceTitle "Ajedrez en Madrid"]
[Source "lmi"]
[SourceDate "2020.06.24"]
[SourceVersion "1"]
[SourceVersionDate "2020.06.25"]
[SourceQuality "1"]

1. d4 Nf6 2. Nf3 g6 3. c4 Bg7 4. Nc3 O-O 5. e4 d6 6. Be2 e5 7. d5 a5 8. Bg5 h6
9. Bh4 Qe8 10. Nd2 h5 11. Bg5 Na6 12. a3 Bd7 13. b3 Nh7 14. Be3 Qe7 15. Rb1 f5
1/2-1/2

[Event "La Pobla de Lillet op"]
[Site "La Pobla de Lillet ESP"]
[Date "2010.08.06"]
[Round "5.3"]
[White "Pogorelov, R.."]
[Black "Panelo Muñoz, MA.."]
[Result "1/2-1/2"]
[WhiteElo "2424"]
[BlackElo "2450"]
[PlyCount "74"]
[EventDate "2010.08.02"]
[EventType "swiss"]
[EventRounds "9"]
[EventCountry "ESP"]
[SourceTitle "Ajedrez en Madrid"]
[Source "lmi"]
[SourceDate "2020.06.24"]
[SourceVersion "1"]
[SourceVersionDate "2020.06.25"]
[SourceQuality "1"]

1. Nf3 Nf6 2. c4 e6 3. Nc3 d5 4. d4 c5 5. cxd5 cxd4 6. Qxd4 exd5 7. e4 Nc6 8.
Bb5 Nxe4 9. O-O Nf6 10. Bg5 Be7 11. Bxf6 Bxf6 12. Qc5 Be6 13. Bxc6+ bxc6 14.
Qxc6+ Kf8 15. Rad1 Rc8 16. Qa4 g6 17. Qxa7 Kg7 18. Nd4 Bg4 19. f3 Rc7 20. Qa5
Bc8 21. Ncb5 Rc5 22. Qxd8 Rxd8 23. Rc1 Rc4 24. Rfd1 Bd7 25. b3 Rb4 26. Rc5 Be7
27. Rc7 Bf6 28. Rc5 Be7 29. Rc7 Bf6 30. Rc5 Be7 31. Rxd5 Bxb5 32. Nxb5 Bc5+ 33.
Kf1 Rxd5 34. Rxd5 Rxb5 35. b4 Rxb4 36. Rxc5 Rb1+ 37. Kf2 Rb2+ 1/2-1/2

[Event "La Pobla de Lillet op"]
[Site "La Pobla de Lillet ESP"]
[Date "2010.08.06"]
[Round "5.4"]
[White "Rakhmanov, A.."]
[Black "Suarez Triguero, JA.."]
[Result "1-0"]
[WhiteElo "2590"]
[BlackElo "2099"]
[PlyCount "93"]
[EventDate "2010.08.02"]
[EventType "swiss"]
[EventRounds "9"]
[EventCountry "ESP"]
[SourceTitle "Ajedrez en Madrid"]
[Source "lmi"]
[SourceDate "2020.06.24"]
[SourceVersion "1"]
[SourceVersionDate "2020.06.25"]
[SourceQuality "1"]

1. d4 e6 2. e4 d5 3. exd5 exd5 4. c4 Nf6 5. Nc3 Be7 6. Bd3 dxc4 7. Bxc4 c6 8.
Nf3 O-O 9. h3 Na6 10. O-O Nc7 11. Re1 Be6 12. Bd3 h6 13. a3 Re8 14. Bf4 Ncd5
15. Qd2 Nxf4 16. Qxf4 Bd6 17. Ne5 Bxe5 18. dxe5 Qxd3 19. exf6 Qf5 20. Qc7 Qxf6
21. Qxb7 Rab8 22. Qxa7 Rxb2 23. Ne4 Qe7 24. Qd4 Rbb8 25. Nc5 Qd8 26. Qxd8 Rbxd8
27. a4 Rd5 28. Rac1 Ra8 29. Re4 Ra5 30. Nxe6 fxe6 31. Rxc6 e5 32. Rb4 Rd7 33.
Kf1 Rda7 34. Rcc4 Kf7 35. Ke2 Ke6 36. Ke3 Kd5 37. Kd3 g5 38. f3 h5 39. Kc3 Rc5
40. Rxc5+ Kxc5 41. Rb5+ Kd6 42. a5 g4 43. hxg4 hxg4 44. fxg4 Rg7 45. Rb4 Kc5
46. a6 Rd7 47. Ra4 1-0

[Event "La Pobla de Lillet op"]
[Site "La Pobla de Lillet ESP"]
[Date "2010.08.06"]
[Round "5.5"]
[White "Tejero Royo, F.."]
[Black "Mirzoev, A.."]
[Result "1/2-1/2"]
[WhiteElo "2160"]
[BlackElo "2541"]
[PlyCount "153"]
[EventDate "2010.08.02"]
[EventType "swiss"]
[EventRounds "9"]
[EventCountry "ESP"]
[SourceTitle "Ajedrez en Madrid"]
[Source "lmi"]
[SourceDate "2020.06.24"]
[SourceVersion "1"]
[SourceVersionDate "2020.06.25"]
[SourceQuality "1"]

1. e4 c5 2. c3 Nf6 3. e5 Nd5 4. d4 cxd4 5. Nf3 Nc6 6. cxd4 e6 7. Nc3 Nxc3 8.
bxc3 d6 9. Bf4 Be7 10. Bd3 Qa5 11. O-O d5 12. Bd2 Qc7 13. Ng5 h6 14. Nh3 Bd7
15. f4 g6 16. Nf2 O-O-O 17. Ng4 Kb8 18. Qe2 Rc8 19. Ne3 h5 20. a4 Na5 21. Rfb1
Ka8 22. Kh1 Bc6 23. Bb5 Qd7 24. Ra2 Rc7 25. Bxc6 Qxc6 26. Rb5 Nc4 27. Nxc4 Qxc4
28. Qxc4 Rxc4 29. g3 Rhc8 30. Kg2 R8c6 31. Rb1 Bd8 32. Ra3 Rb6 33. Rxb6 Bxb6
34. Kf3 a5 35. h3 Ka7 36. Ke2 Bd8 37. Ra1 b5 38. axb5 Kb6 39. g4 hxg4 40. hxg4
a4 41. Kd3 Be7 42. Kc2 a3 43. Kb3 Kxb5 44. f5 gxf5 45. gxf5 exf5 46. Rf1 Ra4
47. Ka2 Ra7 48. Rxf5 Bd8 49. Rh5 Kc4 50. Rh8 Be7 51. Rb8 Kd3 52. Be1 Bg5 53.
Rb5 Bc1 54. Rxd5 Rb7 55. e6 fxe6 56. Re5 Rb6 57. d5 Rb2+ 58. Ka1 exd5 59. Rxd5+
Kc2 60. c4 Bh6 61. Bc3 Bc1 62. c5 Rb5 63. Rf5 Be3 64. Rf3 Bxc5 65. Be5 Bb4 66.
Bf6 Rh5 67. Rf2+ Kb3 68. Rf3+ Ka4 69. Rf2 Rh3 70. Ka2 Bc5 71. Rc2 Bf8 72. Re2
Kb5 73. Rc2 Rf3 74. Bh8 Bb4 75. Bg7 Rg3 76. Bf6 Ka4 77. Be5 1/2-1/2

[Event "La Pobla de Lillet op"]
[Site "La Pobla de Lillet ESP"]
[Date "2010.08.06"]
[Round "5.7"]
[White "Lorca Cortada, D.."]
[Black "Capellades Subirana, M.."]
[Result "1/2-1/2"]
[WhiteElo "2069"]
[BlackElo "2268"]
[PlyCount "49"]
[EventDate "2010.08.02"]
[EventType "swiss"]
[EventRounds "9"]
[EventCountry "ESP"]
[SourceTitle "Ajedrez en Madrid"]
[Source "lmi"]
[SourceDate "2020.06.24"]
[SourceVersion "1"]
[SourceVersionDate "2020.06.25"]
[SourceQuality "1"]

1. d4 Nf6 2. Bg5 c6 3. Bxf6 exf6 4. g3 Qb6 5. b3 d5 6. Bg2 Bf5 7. c3 Bd6 8. Nf3
O-O 9. O-O Re8 10. Nbd2 Ba3 11. Nh4 Bg4 12. Qc2 Bxe2 13. Rfe1 Nd7 14. b4 a5 15.
Nb3 Qb5 16. Nxa5 b6 17. Nxc6 Qxc6 18. Rxe2 Rxe2 19. Qxe2 Qxc3 20. Rd1 Bxb4 21.
Bxd5 Rd8 22. Bb3 Nf8 23. d5 Ng6 24. Nxg6 hxg6 25. Qc4 1/2-1/2

[Event "La Pobla de Lillet op"]
[Site "La Pobla de Lillet ESP"]
[Date "2010.08.06"]
[Round "5.16"]
[White "Garcia Galeote, L.."]
[Black "Solsona Manonelles, J.."]
[Result "1-0"]
[WhiteElo "2058"]
[BlackElo "1787"]
[PlyCount "45"]
[EventDate "2010.08.02"]
[EventType "swiss"]
[EventRounds "9"]
[EventCountry "ESP"]
[SourceTitle "Ajedrez en Madrid"]
[Source "lmi"]
[SourceDate "2020.06.24"]
[SourceVersion "1"]
[SourceVersionDate "2020.06.25"]
[SourceQuality "1"]

1. g3 d5 2. Bg2 Nf6 3. Nf3 e6 4. O-O Bd6 5. d3 O-O 6. Nbd2 c5 7. e4 Nc6 8. Re1
e5 9. exd5 Nxd5 10. Nc4 Re8 11. d4 Bg4 12. h3 Bh5 13. g4 Bg6 14. Nxd6 Qxd6 15.
dxe5 Nxe5 16. Rxe5 Rxe5 17. Nxe5 Qxe5 18. Bxd5 Be4 19. Bxe4 Qxe4 20. Be3 b6 21.
Qd3 Qf3 22. Rd1 h6 23. Qd5 1-0

[Event "La Pobla de Lillet op"]
[Site "La Pobla de Lillet ESP"]
[Date "2010.08.07"]
[Round "6.1"]
[White "Velicka, P.."]
[Black "Martinez Duany, LS.."]
[Result "1/2-1/2"]
[WhiteElo "2483"]
[BlackElo "2510"]
[PlyCount "60"]
[EventDate "2010.08.02"]
[EventType "swiss"]
[EventRounds "9"]
[EventCountry "ESP"]
[SourceTitle "Ajedrez en Madrid"]
[Source "lmi"]
[SourceDate "2020.06.24"]
[SourceVersion "1"]
[SourceVersionDate "2020.06.25"]
[SourceQuality "1"]

1. e4 c5 2. Nf3 g6 3. c4 Bg7 4. d4 cxd4 5. Nxd4 Nc6 6. Be3 Nf6 7. Nc3 O-O 8.
Be2 d6 9. O-O Bd7 10. Qd2 Nxd4 11. Bxd4 Bc6 12. f3 a5 13. b3 Nd7 14. Be3 Nc5
15. Rac1 Qb6 16. Nb5 Rfc8 17. Rfd1 Qd8 18. Nd4 Bd7 19. Bf1 h5 20. g3 Kh7 21.
Re1 Qb6 22. Nb5 Qd8 23. Nc3 Bc6 24. Bh3 e6 25. Red1 Be5 26. Bg2 Qe7 27. f4 Bxc3
28. Rxc3 Nxe4 29. Bxe4 Bxe4 30. Qxd6 Qxd6 1/2-1/2

[Event "La Pobla de Lillet op"]
[Site "La Pobla de Lillet ESP"]
[Date "2010.08.07"]
[Round "6.2"]
[White "Linares Napoles, O.."]
[Black "Rakhmanov, A.."]
[Result "0-1"]
[WhiteElo "2331"]
[BlackElo "2590"]
[PlyCount "58"]
[EventDate "2010.08.02"]
[EventType "swiss"]
[EventRounds "9"]
[EventCountry "ESP"]
[SourceTitle "Ajedrez en Madrid"]
[Source "lmi"]
[SourceDate "2020.06.24"]
[SourceVersion "1"]
[SourceVersionDate "2020.06.25"]
[SourceQuality "1"]

1. e4 e6 2. d4 d5 3. Nc3 Nf6 4. e5 Nfd7 5. f4 c5 6. Nf3 Nc6 7. Be3 Be7 8. Qd2
O-O 9. O-O-O c4 10. f5 b5 11. fxe6 fxe6 12. Qe1 b4 13. Ne2 Nb6 14. Kb1 a5 15.
Bc1 c3 16. b3 a4 17. Nf4 axb3 18. cxb3 Nc4 19. Bd3 Rxa2 20. Kxa2 Qa5+ 21. Kb1
Na3+ 22. Bxa3 Qxa3 23. Qe2 Qxb3+ 24. Kc1 Qa3+ 25. Kb1 Qb3+ 26. Kc1 Rxf4 27.
Rdf1 Nxd4 28. Bxh7+ Kxh7 29. Nxd4 Rxf1+ 0-1

[Event "La Pobla de Lillet op"]
[Site "La Pobla de Lillet ESP"]
[Date "2010.08.07"]
[Round "6.3"]
[White "Movsziszian, K.."]
[Black "Pogorelov, R.."]
[Result "1/2-1/2"]
[WhiteElo "2490"]
[BlackElo "2424"]
[PlyCount "27"]
[EventDate "2010.08.02"]
[EventType "swiss"]
[EventRounds "9"]
[EventCountry "ESP"]
[SourceTitle "Ajedrez en Madrid"]
[Source "lmi"]
[SourceDate "2020.06.24"]
[SourceVersion "1"]
[SourceVersionDate "2020.06.25"]
[SourceQuality "1"]

1. g3 Nf6 2. Bg2 d5 3. d3 c5 4. Nd2 Nc6 5. e4 e5 6. Ngf3 Be7 7. O-O O-O 8. c3
Qc7 9. exd5 Nxd5 10. Re1 Rd8 11. a3 Bg4 12. Qc2 Rac8 13. Ne4 f6 14. a4 1/2-1/2

[Event "La Pobla de Lillet op"]
[Site "La Pobla de Lillet ESP"]
[Date "2010.08.07"]
[Round "6.4"]
[White "Panelo Muñoz, MA.."]
[Black "Vinardell Cruañas, S.."]
[Result "1/2-1/2"]
[WhiteElo "2450"]
[BlackElo "1955"]
[PlyCount "134"]
[EventDate "2010.08.02"]
[EventType "swiss"]
[EventRounds "9"]
[EventCountry "ESP"]
[SourceTitle "Ajedrez en Madrid"]
[Source "lmi"]
[SourceDate "2020.06.24"]
[SourceVersion "1"]
[SourceVersionDate "2020.06.25"]
[SourceQuality "1"]

1. d4 d5 2. c4 c6 3. Nf3 Nf6 4. Nc3 dxc4 5. a4 Bf5 6. e3 e6 7. Bxc4 Bb4 8. O-O
O-O 9. Qe2 Nbd7 10. e4 Bg6 11. e5 Nd5 12. Nxd5 cxd5 13. Bd3 Re8 14. Bxg6 hxg6
15. Qb5 Qe7 16. a5 a6 17. Qd3 Rac8 18. Ra4 Rc4 19. Bd2 Bxd2 20. Rxc4 dxc4 21.
Qxd2 Nb8 22. Rc1 Rc8 23. Ng5 f6 24. Ne4 fxe5 25. dxe5 Nc6 26. f4 Rd8 27. Qf2
Rd5 28. h3 g5 29. Nxg5 Nxe5 30. Qe3 Nf7 31. Qxe6 Qxe6 32. Nxe6 Nd6 33. Ng5 Rd2
34. Rb1 Kf8 35. Nf3 Rd5 36. Ra1 Rb5 37. Ra2 Ne4 38. Ra4 Nd6 39. Ne5 Rxb2 40.
Nxc4 Nxc4 41. Rxc4 Rb5 42. Rc7 Rxa5 43. Rxb7 Ra4 44. Ra7 Rxf4 45. Rxa6 Rb4 46.
Kh2 Rb3 47. h4 Kg8 48. g3 Kh7 49. Re6 Ra3 50. Kh3 Ra5 51. Kg4 g6 52. Kf4 Rf5+
53. Kg4 Ra5 54. Re4 Kh6 55. Kf3 Ra3+ 56. Kf4 Ra5 57. Re5 Ra4+ 58. Kf3 Rb4 59.
g4 Rb3+ 60. Re3 Rb4 61. Re7 Rb3+ 62. Kf4 Rb4+ 63. Re4 Rb5 64. Re7 Rb4+ 65. Kf3
Rb3+ 66. Ke2 Rh3 67. h5 gxh5 1/2-1/2

[Event "La Pobla de Lillet op"]
[Site "La Pobla de Lillet ESP"]
[Date "2010.08.07"]
[Round "6.5"]
[White "Rabinovich, A.."]
[Black "Granero Roca, A.."]
[Result "0-1"]
[WhiteElo "2007"]
[BlackElo "2429"]
[PlyCount "96"]
[EventDate "2010.08.02"]
[EventType "swiss"]
[EventRounds "9"]
[EventCountry "ESP"]
[SourceTitle "Ajedrez en Madrid"]
[Source "lmi"]
[SourceDate "2020.06.24"]
[SourceVersion "1"]
[SourceVersionDate "2020.06.25"]
[SourceQuality "1"]

1. d4 Nf6 2. c4 c5 3. d5 b5 4. cxb5 a6 5. Nc3 axb5 6. e4 b4 7. Nb5 d6 8. Bc4
Nbd7 9. Nf3 Nb6 10. b3 Nxc4 11. bxc4 e5 12. Bg5 Be7 13. Bxf6 Bxf6 14. a4 O-O
15. O-O Be7 16. Nd2 f5 17. f3 Bg5 18. Qe2 Bf4 19. exf5 Bxd2 20. Qxd2 Bxf5 21.
f4 e4 22. Qe3 Qe7 23. h3 h5 24. Rfe1 Ra6 25. Ra2 Rfa8 26. Rea1 h4 27. Kf1 Ra5
28. Kg1 Kf8 29. Kf2 Ke8 30. Qe2 Kd7 31. Qh5 g6 32. Qe2 Qf6 33. Kg1 b3 34. Ra3
e3 35. Re1 Bc2 36. Qxe3 b2 37. Nc3 Qd4 38. Nb1 Re8 39. Qxd4 Rxe1+ 40. Kf2 cxd4
41. Kxe1 Bxb1 42. Rb3 Rxa4 43. Rxb2 Be4 44. Rb7+ Kd8 45. Rh7 Ra1+ 46. Kd2 Ra2+
47. Ke1 d3 48. Rxh4 Rxg2 0-1

[Event "La Pobla de Lillet op"]
[Site "La Pobla de Lillet ESP"]
[Date "2010.08.07"]
[Round "6.7"]
[White "Capellades Subirana, M.."]
[Black "Tejero Royo, F.."]
[Result "1-0"]
[WhiteElo "2268"]
[BlackElo "2160"]
[PlyCount "77"]
[EventDate "2010.08.02"]
[EventType "swiss"]
[EventRounds "9"]
[EventCountry "ESP"]
[SourceTitle "Ajedrez en Madrid"]
[Source "lmi"]
[SourceDate "2020.06.24"]
[SourceVersion "1"]
[SourceVersionDate "2020.06.25"]
[SourceQuality "1"]

1. e4 e5 2. Nf3 Nc6 3. Bc4 Nf6 4. d3 Bc5 5. Nc3 d6 6. Bg5 h6 7. Be3 Bxe3 8.
fxe3 Qe7 9. Qd2 Be6 10. Nd5 Bxd5 11. exd5 Nb8 12. e4 c5 13. O-O a6 14. Rae1
Nbd7 15. Nh4 g6 16. g3 Nh5 17. c3 Ng7 18. Bb3 g5 19. Ng2 O-O 20. Ne3 f6 21. Bd1
f5 22. exf5 Nf6 23. Kh1 b5 24. a4 Rab8 25. axb5 axb5 26. Bf3 Ra8 27. d4 cxd4
28. cxd4 e4 29. Bd1 Ra1 30. Qb4 Qd7 31. g4 h5 32. gxh5 Ngxh5 33. Rg1 Nf4 34.
Rxg5+ Kh8 35. Qd2 Qh7 36. Ng2 Nxg2 37. Qxg2 Qh4 38. Rg1 Raa8 39. Rg3 1-0

[Event "La Pobla de Lillet op"]
[Site "La Pobla de Lillet ESP"]
[Date "2010.08.07"]
[Round "6.16"]
[White "Idiazabal Troyas, A.."]
[Black "Garcia Galeote, L.."]
[Result "0-1"]
[WhiteElo "1913"]
[BlackElo "2058"]
[PlyCount "66"]
[EventDate "2010.08.02"]
[EventType "swiss"]
[EventRounds "9"]
[EventCountry "ESP"]
[SourceTitle "Ajedrez en Madrid"]
[Source "lmi"]
[SourceDate "2020.06.24"]
[SourceVersion "1"]
[SourceVersionDate "2020.06.25"]
[SourceQuality "1"]

1. e4 g6 2. d4 Bg7 3. Bc4 d6 4. h3 a6 5. Nf3 e6 6. Nc3 Ne7 7. Be3 b5 8. Bb3 h6
9. O-O O-O 10. Qd2 Kh7 11. Ne2 Bb7 12. Ng3 Nd7 13. c3 Nb6 14. Nh2 Qc8 15. f3 a5
16. Ng4 h5 17. Nf2 a4 18. Bc2 Nc4 19. Qe2 Nxe3 20. Qxe3 Bh6 21. Qd3 f5 22. exf5
exf5 23. Rfe1 Qd7 24. Qf1 Nd5 25. Bd3 Ba6 26. c4 Ne3 27. Qe2 bxc4 28. Bc2 Rfe8
29. Nd1 Nxc2 30. Qxc2 Rxe1+ 31. Kh2 Rae8 32. Qf2 Bf4 33. Ne3 R1xe3 0-1

[Event "La Pobla de Lillet op"]
[Site "La Pobla de Lillet ESP"]
[Date "2010.08.08"]
[Round "7.1"]
[White "Mirzoev, A.."]
[Black "Velicka, P.."]
[Result "1/2-1/2"]
[WhiteElo "2541"]
[BlackElo "2483"]
[PlyCount "67"]
[EventDate "2010.08.02"]
[EventType "swiss"]
[EventRounds "9"]
[EventCountry "ESP"]
[SourceTitle "Ajedrez en Madrid"]
[Source "lmi"]
[SourceDate "2020.06.24"]
[SourceVersion "1"]
[SourceVersionDate "2020.06.25"]
[SourceQuality "1"]

1. c4 Nf6 2. Nc3 e5 3. e3 Bb4 4. Nge2 b6 5. a3 Bxc3 6. Nxc3 Bb7 7. Be2 O-O 8.
O-O d5 9. cxd5 Nxd5 10. b3 Nxc3 11. dxc3 Nd7 12. Qc2 Nc5 13. f3 e4 14. f4 Nd3
15. Bd2 c5 16. c4 a5 17. Bc3 Qe7 18. Bxd3 exd3 19. Qxd3 Be4 20. Qe2 Rfd8 21.
Rfd1 f6 22. h3 h6 23. Kf2 Rxd1 24. Rxd1 Rd8 25. Rd2 Rxd2 26. Qxd2 Bc6 27. Qd3
Qe4 28. Qxe4 Bxe4 29. g4 Bc2 30. b4 axb4 31. axb4 Bd3 32. bxc5 bxc5 33. Ba5
Bxc4 34. Bb6 1/2-1/2

[Event "La Pobla de Lillet op"]
[Site "La Pobla de Lillet ESP"]
[Date "2010.08.08"]
[Round "7.2"]
[White "Rakhmanov, A.."]
[Black "Granero Roca, A.."]
[Result "1-0"]
[WhiteElo "2590"]
[BlackElo "2429"]
[PlyCount "53"]
[EventDate "2010.08.02"]
[EventType "swiss"]
[EventRounds "9"]
[EventCountry "ESP"]
[SourceTitle "Ajedrez en Madrid"]
[Source "lmi"]
[SourceDate "2020.06.24"]
[SourceVersion "1"]
[SourceVersionDate "2020.06.25"]
[SourceQuality "1"]

1. d4 Nf6 2. c4 e6 3. Nc3 Bb4 4. e3 O-O 5. Bd3 d5 6. Nge2 dxc4 7. Bxc4 e5 8.
O-O Nc6 9. a3 exd4 10. exd4 Bd6 11. f3 Bf5 12. Bg5 h6 13. Bh4 a6 14. Qd2 Be7
15. Rad1 Nd5 16. Bf2 Bg5 17. f4 Nxc3 18. bxc3 Be7 19. Ng3 Bg4 20. Rde1 b5 21.
Ba2 Bd7 22. f5 Bg5 23. Be3 Bxe3+ 24. Rxe3 Qh4 25. f6 g6 26. Qd3 Qg5 27. h4 1-0

[Event "La Pobla de Lillet op"]
[Site "La Pobla de Lillet ESP"]
[Date "2010.08.08"]
[Round "7.3"]
[White "Martinez Duany, LS.."]
[Black "Panelo Muñoz, MA.."]
[Result "1/2-1/2"]
[WhiteElo "2510"]
[BlackElo "2450"]
[PlyCount "88"]
[EventDate "2010.08.02"]
[EventType "swiss"]
[EventRounds "9"]
[EventCountry "ESP"]
[SourceTitle "Ajedrez en Madrid"]
[Source "lmi"]
[SourceDate "2020.06.24"]
[SourceVersion "1"]
[SourceVersionDate "2020.06.25"]
[SourceQuality "1"]

1. e4 c5 2. Nc3 e6 3. Nf3 d6 4. d4 cxd4 5. Nxd4 Nf6 6. Be2 Be7 7. O-O Nc6 8.
Be3 Nxd4 9. Bxd4 O-O 10. f4 b6 11. Qd3 Bb7 12. Qg3 g6 13. Bf3 d5 14. e5 Ne4 15.
Bxe4 dxe4 16. Qe3 Rc8 17. Rad1 Qc7 18. Rf2 Qc6 19. a4 Rfd8 20. Nb5 Ra8 21. Rfd2
Rd7 22. b3 a6 23. Nd6 b5 24. axb5 axb5 25. Bc5 Rc7 26. b4 Qa6 27. Nxe4 Bxe4 28.
Bxe7 Rxe7 29. Qxe4 Rc8 30. Rd8+ Re8 31. Rxe8+ Rxe8 32. h3 Qa7+ 33. Kh2 Rc8 34.
Rd4 Qa2 35. Qb7 Rxc2 36. Rd8+ Kg7 37. Rd7 Kg8 38. Qe4 Qc4 39. Rd4 Qa2 40. Qb7
Kg7 41. Rd7 Kg8 42. Qf3 Rd2 43. Re7 Rf2 44. Qc6 Kg7 1/2-1/2

[Event "La Pobla de Lillet op"]
[Site "La Pobla de Lillet ESP"]
[Date "2010.08.08"]
[Round "7.4"]
[White "Vinardell Cruañas, S.."]
[Black "Movsziszian, K.."]
[Result "1/2-1/2"]
[WhiteElo "1955"]
[BlackElo "2490"]
[PlyCount "83"]
[EventDate "2010.08.02"]
[EventType "swiss"]
[EventRounds "9"]
[EventCountry "ESP"]
[SourceTitle "Ajedrez en Madrid"]
[Source "lmi"]
[SourceDate "2020.06.24"]
[SourceVersion "1"]
[SourceVersionDate "2020.06.25"]
[SourceQuality "1"]

1. e4 g6 2. d4 d6 3. Nc3 a6 4. Nf3 Bg7 5. Be2 b5 6. O-O Bb7 7. a3 Nd7 8. Re1 e5
9. dxe5 dxe5 10. Bg5 f6 11. Be3 Nh6 12. a4 b4 13. Nd5 a5 14. Bc4 Nf7 15. Bd2
Nd6 16. Ba2 Nc5 17. c3 Ndxe4 18. cxb4 Bxd5 19. bxc5 Bxa2 20. Rxa2 Nxc5 21. Qc2
Qd5 22. Ra3 O-O 23. b4 Na6 24. bxa5 Rfd8 25. Ree3 Bf8 26. Rad3 Qf7 27. Rxd8
Rxd8 28. Rd3 Bd6 29. Rc3 Bc5 30. Rd3 Rb8 31. Rc3 Qd5 32. Be3 Rb2 33. Qc1 Qa2
34. Qf1 Rb1 35. Rc1 Rxc1 36. Qxc1 Qxa4 37. Bxc5 Nxc5 38. Qd2 Kf7 39. Qd5+ Ne6
40. h3 Ke7 41. Qa8 e4 42. Ne1 1/2-1/2